Ley de creación de Bancos Cooperativos: n° 6894 22 de setiembre de 1983 /
El documento consiste en los estatutos de la ley de creación de Bancos Cooperativos, inscrito en el Ministerio de Trabajo y Seguridad Social, resolución No. 583, Tomo 2, Folio 315, Asiento 1713 del 27 de Diciembre de 1983.se centra en la regulación y funcionamiento de los bancos cooperativos en Cost...
Gorde:
| Erakunde egilea: | |
|---|---|
| Formatua: | Liburua |
| Hizkuntza: | Spanish |
| Argitaratua: |
San José, Costa Rica:
BANCOOP,
1988
|
| Gaiak: | |
| Etiketak: |
Etiketa erantsi
Etiketarik gabe, Izan zaitez lehena erregistro honi etiketa jartzen!
|
MARC
| LEADER | 00000nam a22000007a 4500 | ||
|---|---|---|---|
| 003 | cru CIDCACS/IIS | ||
| 005 | 20230707100845.0 | ||
| 007 | ta | ||
| 008 | 190313s19831988cr |||||r|||||||| 0|spa d | ||
| 040 | |c cru CIDCACS/IIS | ||
| 090 | |a 11.02.02 L681l | ||
| 110 | 2 | |9 8377 |a Banco Cooperativo Costarricense | |
| 245 | 1 | |a Ley de creación de Bancos Cooperativos: |b n° 6894 22 de setiembre de 1983 / |c Banco Cooperativo Costarricense | |
| 246 | |f Estatutos : 4° edición setiembre de 1988 | ||
| 260 | |a San José, Costa Rica: |b BANCOOP, |c 1988 | ||
| 300 | |a 28 páginas | ||
| 520 | 3 | |a El documento consiste en los estatutos de la ley de creación de Bancos Cooperativos, inscrito en el Ministerio de Trabajo y Seguridad Social, resolución No. 583, Tomo 2, Folio 315, Asiento 1713 del 27 de Diciembre de 1983.se centra en la regulación y funcionamiento de los bancos cooperativos en Costa Rica. El autor describe la estructura y el marco legal que rigen a estas instituciones financieras y presenta los estatutos del Banco Cooperativo Costarricense. 13/12/2022 | |
| 650 | 0 | 0 | |9 8358 |a LEYES |
| 650 | 0 | 4 | |9 2727 |a MOVIMIENTOS COOPERATIVOS |
| 650 | 0 | 0 | |9 563 |a BANCOS |
| 650 | 0 | 0 | |9 5213 |a REGULACIÓN |
| 651 | 0 | |9 32 |a COSTA RICA | |
| 942 | |2 ddc |c PP |h 11.02.02 L681l |i 03123 |6 110202_L681L_03123 | ||
| 999 | |c 42242 |d 42242 | ||
